Jeux de mots - Ils commencent par "el". - Statistiques

Statistiques générales
  • Ce quiz a été pris 159 fois
  • Le résultat moyen est 6 sur 15
Statistiques - réponses
Hint Réponse % Correct
Ce que cherche à devenir tout candidat. Élu
89%
On le prend avant de sauter. Nom d'un modèle de la marque "Lotus". Elan|Élan
83%
Couper des têtes, membres... d'arbres, de haies. Élaguer
73%
Verbe désignant la suppression d'un concurrent, d'un ennemi ou bien d'une tâche. Éliminer
65%
Discours à la louange de quelqu’un ou de quelque chose. Érasme en a fait un à propos de la folie en 1511. Éloge
63%
Lésion provoquée par un étirement excessif d'un muscle, nerf. Élongation
60%
Possédée par tout excellent orateur, tel Cicéron. Éloquence
51%
Manière dont on exprime ses pensées, dont on émet les sons en parlant. Élocution
38%
Désigne notamment les conditions permettant de se présenter à des élections. Éligibilité
32%
Chantées par Antoine dans son titre le plus connu. Désigne un ouvrage ou discours entachés d’extravagance. Élucubration
31%
Esquiver avec adresse. Éluder
29%
Génie des airs dans la mythologie scandinave. Elfe
22%
Supprimer dans le compte des syllabes, dans la prononciation, dans l’écriture, la voyelle finale d’un mot qui précède un autre mot commençant par une voyelle ou un h muet. Élider
11%
Plante d'Amérique du Sud, de la famille des Hydrocharidées, souvent employées pour garnir les aquariums. Élodée
2%
Qui signifie "Travaillé". Ne se dit qu’en plaisantant et dans cette phrase, "Artistement ..." Élabouré
1%
Aucun quiz correspondant
Distribution des résultats
% des personnes avec chaque résultat
Percentile par nombre de réponses
Votre historique - résultats
Vous n’avez pas pris ce quiz